000 00713nam a22002177a 4500
999 _c15120
_d15120
003 MIRAKIL
005 20221226114854.0
008 221226b tu ||||| |||| 00| 0 tur d
020 _a9786258049862
040 _aTR-AnCHP
_cTR-AnCHP
041 _atur
082 _a305.4
_bK46 2022
245 1 0 _a40 kadın 40 hayat/
_c Yayın yönetmeni: Ahmet Bozkurt ; editör: Ayşegül Sönmezay.
260 _aİstanbul:
_bİstanbul Büyükşehir Belediyesi,
_c2022.
300 _a1504 s.:
_bfotg.;
_c26 sm.
504 _aKaynakça ve Dizin vardır.
650 0 _9569
_aKadınlar
_xYaşamöyküsü
_zTürkiye
700 _96583
_aBozkurt, Ahmet
_eyay.yön.
710 _97286
_aSönmezay, Ayşegül
_eed.
942 _2ddc
_cBKS